01200nab a2200313 uc450000100070000000500170000700800410002403500110006503500210007604000130009704100080011010000340011824501300015265000340028265000380031665000370035465000480039165000410043965000420048065000490052265000450057165000300061665000240064670000350067070000340070577301180073994200100085799900190086777711020240921090737.0020930s2002 spa  a777110 a(OCoLC)819991146 ccomduadb aspa10aBarrera, G.4auteaut930279410aDeteccion, identificacion y clasificacion de defectos usando RNA y un manipulador robotico de 2 G.L algoritmos Kohonen y MLP aEnsayo de inmersión9109533 aManipuladores (Mecanismos)927515 aInstrumentación virtual927158 7aRedes neurales (Computadores)2lemb9198995 aDefectos de uniones soldadas9172136 aMLP (Red perceptron multicapa)974000 aPWM (modulación por ancho de pulso)960971 aSistemas expertos (computadores)9158037 aGrados de libertad963427 aUltrasonido916591410aFabian, M.A.4auteaut952359910aUgalde, C.A4auteaut93589540 tRevista de Metalurgia (Madrid)gVolumen 38, Número 03, Mayo-Junio de 2002, p. 163-172w112428x0034-8570092742 cARIMP c265599d265599